Cargando...

Better teaching in secondary schools

Detalles Bibliográficos
Autor Principal: Alcorn, Marvin D
Formato: Printed Book
Idioma:English
Edición:3
Subjects:
LEADER 00386nam a2200121Ia 4500
008 101008s9999 xx 000 0 eng d
100 |a Alcorn, Marvin D 
245 |a Better teaching in secondary schools 
250 |a 3 
650 |a Teaching Methods 
942 |c BK 
999 |c 181493  |d 181493 
952 |0 0  |1 0  |4 0  |7 0  |9 200785  |a EDU  |b EDU  |c ST1  |d 2010-10-20  |i 3000  |l 1  |p EDU3000  |r 2011-09-13  |s 2011-08-23  |w 2010-10-20  |y BK